| 000 | 00878nam a22002057a 4500 | ||
|---|---|---|---|
| 999 |
_c178432 _d178432 |
||
| 005 | 20210330173358.0 | ||
| 010 | _aENG-129342 | ||
| 020 |
_a978-93-80831-43-5 _c145.00 |
||
| 035 | _aEN-112874 | ||
| 037 | _bDBAD/PUB | ||
| 082 | _a338.7 | ||
| 100 | _aSrinivasulu, Kocherla | ||
| 245 |
_aBusiness Economic: I-B Com/I semester as per Choice Based Credit System _cKocherla Srinivasulu and V. Murali Krishna; edited by M. Vijaya Bhaskar Reddy |
||
| 260 |
_aHyderabad _bSeven Hills International Publishers _c2017 |
||
| 270 |
_bHyderabad _e500038 _a3326/C, Level-4, Surneni Nilayam, Near B K Gupta Park, S R Nagar _k91 40 23710657, 238000657 _l91 40 23810657 _mstudentshelpline.in@gmail.com |
||
| 300 |
_axii+212p. _c24cm(pbk) _bIncluding illustrations. |
||
| 700 | _aV. Murali Krishna | ||
| 700 | _aReddy, M. Vijaya Bhaskar, Ed. | ||
| 942 |
_2ddc _cEN _h338.7 _mSRI |
||